Cities on Bays - Statistics

General Stats
  • This quiz has been taken 42 times
  • The average score is 5 of 10
Answer Stats
bay / harbor city % Correct
Bahía de la Habana Havana
92%
Puget Sound Seattle
86%
Chesapeake Bay Norfolk or Baltimore
68%
Botany Bay Sydney
68%
Table Bay Cape Town
65%
Waitemata Harbour Auckland
43%
Golden Horn Istanbul
41%
Biscayne Bay Miami
35%
Guanabara Bay Rio de Janeiro
32%
Golfe de la Napoule Cannes
16%
No matching quizzes found
Score Distribution
Percent of People with Each Score
Percentile by Number Answered
Your Score History
You have not taken this quiz